000 00575nam a2200169 i 4500
001 96710
003 ES-MaACL
005 20230906181949.0
007 t|
008 050630s1926 sp ||||1| spa d
100 1 _aMaluquer y Salvador, José.
_975885
245 1 0 _aUna campaña en pro del seguro y de la previsión popular /
_cpublicaciones y trabajos de D. José Maluquer y Salvador.
260 _aMadrid :
_b[s.n.],
_c1926 (
_fSuc. de M. Minuesa de los Ríos)
300 _a2 v. ;
_c24 cm.
650 _aSeguridad social-
_zEspaña.
_917023
852 _aES-MaACL
_jD-8720-21
999 _c96710
_d96710